| 000 | 00972nam0a2200241 4500 | ||
|---|---|---|---|
| 001 | RU\NLR\BIBL_A\022450501 | ||
| 005 | 20250806203301.0 | ||
| 035 | _a(NLR Aleph) 022450501 | ||
| 090 |
_a84086 _c84086 |
||
| 100 | _a20250210d1943 u y0rusy50 ca | ||
| 101 | 0 | _aarm | |
| 102 | _aRU | ||
| 105 | _ay z 000yy | ||
| 200 | 1 |
_aՔաղաքական աշխատանքը հարձակման ժամանակ _fՄայոր Մ.Ձոտով _gԱնդրկովկասյան ռազաճակատի քաղաքական վարչություն |
|
| 210 |
_aԵրեվան _cՀայպետհրատ _d1943 |
||
| 215 |
_a18,[2] с. _d13 |
||
| 541 | 1 |
_6z01790 _aПолитическая работа в наступлении _zrus |
|
| 700 | 1 |
_aՁոտով _bՄ.Ի. _gՄատվեյ Իվանովիչ _4700 |
|
| 790 | 1 |
_6z01541 _aЗотов _bМ.И. _cмоер _gМатвей Иванович _4700 |
|
| 942 | _cBOOK | ||
| 945 | _aРоссийская национальная библиотека | ||
| 980 | _aBV | ||